Statistics for Largest Non Chinese Asian Cities

Click here to take the quiz!

General Stats

  • This quiz has been taken 35 times
  • The average score is 12 of 15

Answer Stats

PopAnswer% Correct
16,787,941Delhi
97%
10,075,310Jakarta
97%
12,478,447Mumbai
97%
13,753,714Tokyo
97%
9,995,784Seoul
91%
16,970,105Dhaka
85%
8,280,920Bangkok
82%
23,500,000Karachi
82%
8,145,501Tehran
82%
14,657,000Istanbul
76%
7,681,700Ho Chi Minh City
73%
10,052,000Lahore
73%
8,425,970Bengaluru
67%
7,088,000Chennai
67%
7,180,889Baghdad
42%

Score Distribution

Percentile by Number Answered

Percent of People with Each Score

Your Score History

You have not taken this quiz